01319nam a22003377a 4500003000500000005001700005008004100022010001000063011001000073035001000083040000900093082001400102110006300116245017600179260003100355300003100386490003900417590004100456590004100497590004200538650002300580650002800603650003100631650004100662830004600703901000700749942001000756949006400766999001700830952013400847CHAP20220329134311.0971013s1971 r 00010 d a18396 a19368 a23453 cCHAP a581.5bC4 aCentre Nacional de la Recherche Scientifique. Paris921036 aCycle de la matiere organique et des éléments minéraux dans quelques écosystémes Méditerranéensb: dynamique saisonniére de deux sols en climat tempéré aParis :bThe centre,c1971 a253 p.b: ilus. ; gráfs. aProgramme Biologique International aBATCH-UPDb10c20130109lUCH01h2342 aBATCH-UPDb10c20130110lUCH01h1850 aCONVERSIONb10c20130109lUCH01h131114aEcosistema.93529014aSuelos y clima.911056914aSuelos y cultivos.911057114aSuelosxElementos minerales.91103560 aProgramme Biologique International992380 aBK cLIBRO a581.5 C4bBCcLIBROd33724000542478eLIBROh35461i23453si c18396d18396 00102ddc4052708GRALaBCbBCcPA_GRALd2019-12-31fLIBROl0o581.5 C4p33724000542478r2019-12-31 00:00:00w2019-12-31yLIBRO